Chiến lược đầu tư vào chứng khoán của Warren Buffett

保存先:
書誌詳細
フォーマット: 図書
言語:Undetermined
出版事項: Thành phố Hồ Chí Minh Trẻ 2000
主題:
タグ: タグ追加
タグなし, このレコードへの初めてのタグを付けませんか!
Thư viện lưu trữ: Trung tâm Học liệu Trường Đại học Cần Thơ
LEADER 00542nam a2200181Ia 4500
001 CTU_154015
008 210402s9999 xx 000 0 und d
020 |c 49000 
082 |a 332.632 
082 |b Ch305 
245 0 |a Chiến lược đầu tư vào chứng khoán của Warren Buffett 
245 0 |c Minh Đức (Biên soạn) 
260 |a Thành phố Hồ Chí Minh 
260 |b Trẻ 
260 |c 2000 
650 |a Stock exchanges 
904 |i Giang 
980 |a Trung tâm Học liệu Trường Đại học Cần Thơ